Statistics for The Ultimate Joji Song Quiz

Click here to take the quiz!

General Stats

  • This quiz has been taken 64 times
  • The average score is 41 of 73

Answer Stats

Album Name% Correct
SLOW DANCING IN THE DARK
100%
Die For You
93%
Glimpse of Us
93%
Run
93%
Demons
80%
TEST DRIVE
80%
Tick Tock
80%
Will He
80%
worldstar money (interlude)
80%
WORLD$TAR MONEY
80%
YUKON (INTERLUDE)
80%
1AM FREESTYLE
73%
777
73%
ATTENTION
73%
CAN'T GET OVER YOU (Ft. Clams Casino)
73%
Daylight (Joji & Diplo)
73%
Gimme Love
73%
Like You Do
73%
MODUS
73%
Mr. Hollywood
73%
Reanimator
73%
Sanctuary
73%
Afterthought (Joji & BENEE)
67%
Before The Day Is Over
67%
NIGHT RIDER
67%
Pills
67%
Window
67%
YEAH RIGHT
67%
Bitter Fuck
60%
BLAHBLAHBLAH DEMO
60%
Dissolve
60%
Ew
60%
I'LL SEE YOU IN 40
60%
NITROUS
60%
Normal People (feat. rei brown)
60%
Plastic Taste
60%
plastic taste
60%
Pretty Boy (feat. Lil Yachty)
60%
Thom
60%
XNXX
60%
you suck charlie
60%
Feeling Like The End
53%
I Don't Wanna Waste My Time
53%
i dont wanna waste my time
53%
R.I.P. (Ft. Trippie Redd)
53%
Upgrade
53%
WANTED U
53%
wefllagn.ii
53%
Your Man
53%
NO FUN
47%
WHY AM I STILL IN LA (Ft. D33J & Shlohmo)
47%
COME THRU
40%
fear and misery
40%
High Hopes (feat. Omar Apollo)
40%
Intro
40%
X&XX (joji x ryanjacob)
40%
foie <bump>
33%
Medicine
33%
Old Yeller
33%
rain on me
33%
BESIDJU (joji x shamana)
27%
I Don't Please You
27%
Joe Pass
27%
They Don't Understand
27%
unsaved info
27%
untitled
27%
How Can We Feel The Same
20%
I'm Gonna Wait
20%
teardrops
20%
firefish
13%
Lov U
13%
Once In A While
13%
yung micheal
13%

Score Distribution

Percentile by Number Answered

Percent of People with Each Score

Your Score History

You have not taken this quiz